[Event "COL-ch pre olympic"]
[Site "El Bagre"]
[Date "2019.12.11"]
[Round "4"]
[White "Morales, Jhon Alexander"]
[Black "Torres, Juan Camilo"]
[Result "0-1"]
[WhiteElo "2404"]
[BlackElo "2287"]
[PlyCount "134"]
[EventDate "2019.12.09"]
[EventType "tourn"]
[EventRounds "11"]
[EventCountry "COL"]
[EventCategory "6"]
[SourceTitle "CBM 193 Extra"]
[Source "ChessBase"]
[SourceDate "2020.01.31"]
[SourceVersion "1"]
[SourceVersionDate "2020.01.31"]
[SourceQuality "1"]

1. e4 e5 2. Nf3 Nc6 3. Bb5 a6 4. Ba4 Nf6 5. 0-0 Nxe4 6. d4 b5 7. Bb3 d5 8. dxe5 Be6 9. Be3 Be7 10. Nbd2 Nc5 11. c3 Nd3 12. Qc2 Ndxe5 13. Nxe5 Nxe5 14. Bd4 f6 15. Rae1 Qd7 16. Bxe5 fxe5 17. Rxe5 Bf6 18. Bxd5 Bxe5 19. Bxa8 0-0 20. Be4 g6 21. Nf3 Bf6 22. Re1 Qf7 23. a3 c5 24. Qd2 Ba2 25. h4 Kh8 26. Qd6 Bxh4 27. Qxc5 Be7 28. Qe5+ Bf6 29. Qd6 g5 30. Ne5 Qe7 31. Qxe7 Bxe7 32. Bb1 Bxb1 33. Rxb1 Bd6 34. Re1 Kg7 35. Nf3 Kf6 36. Nd2 Kf5 37. Ne4 Bc7 38. Nc5 Rf6 39. Rd1 Kg6 40. Ne4 Re6 41. f3 h5 42. Kf2 g4 43. Rd5 Bf4 44. g3 Bc1 45. b4 gxf3 46. Kxf3 Bxa3 47. Rd1 Bb2 48. Rb1 Ba3 49. Kf4 Rc6 50. Ke5 Rc4 51. Kd5 Kg7 52. Rf1 Bb2 53. Rf3 a5 54. bxa5 Ra4 55. Nd6 Rxa5 56. Kc6 Ra6+ 57. Kc7 b4 58. Nf5+ Kg6 59. Ne7+ Kg5 60. cxb4 Kg4 61. Re3 Ra3 62. Re2 Rb3 63. Nd5 Kxg3 64. Kc6 h4 65. Re8 h3 66. Rg8+ Kf2 67. Rf8+ Rf3 0-1

[Event "COL-chT"]
[Site "Cartagena"]
[Date "2019.11.27"]
[Round "6.1"]
[White "Munoz Galvez, Jhon Edison"]
[Black "Morales, Jhon Alexander"]
[Result "1/2-1/2"]
[WhiteElo "2332"]
[BlackElo "2404"]
[PlyCount "72"]
[EventDate "2019.11.24"]
[EventType "team-swiss"]
[EventRounds "7"]
[EventCountry "COL"]
[SourceTitle "CBM 193 Extra"]
[Source "ChessBase"]
[SourceDate "2020.01.31"]
[SourceVersion "1"]
[SourceVersionDate "2020.01.31"]
[SourceQuality "1"]
[WhiteTeam "Caldas"]
[BlackTeam "Valle"]
[WhiteTeamCountry "COL"]
[BlackTeamCountry "COL"]

1. d4 Nf6 2. c4 e6 3. g3 d5 4. Bg2 Be7 5. Nf3 0-0 6. 0-0 dxc4 7. Ne5 Nc6 8. Nxc6 bxc6 9. Na3 Bxa3 10. bxa3 Rb8 11. a4 Nd5 12. Ba3 Nb4 13. Rc1 Ba6 14. Qe1 c3 15. Qxc3 Nxa2 16. Qa5 Nxc1 17. Qxa6 Rb6 18. Qc4 Nb3 19. Bxf8 Qxf8 20. Rd1 h6 21. e3 Qb4 22. Qxb4 Rxb4 23. Bxc6 Na5 24. Bb5 c6 25. Bd3 Kf8 26. Ra1 Ke7 27. Ra2 Kd6 28. Kg2 Rb3 29. Bc2 Rb4 30. Kf3 Rb8 31. Bd3 Rb4 32. Ke2 Rb8 33. Kd1 Rb4 34. Kc2 g5 35. Be2 f6 36. Ra1 e5 1/2-1/2

[Event "COL-chT"]
[Site "Cartagena"]
[Date "2019.11.25"]
[Round "3.2"]
[White "Panesso Rivera, Henry"]
[Black "Morales, Jhon Alexander"]
[Result "1-0"]
[WhiteElo "2356"]
[BlackElo "2404"]
[PlyCount "70"]
[EventDate "2019.11.24"]
[EventType "team-swiss"]
[EventRounds "7"]
[EventCountry "COL"]
[SourceTitle "CBM 193 Extra"]
[Source "ChessBase"]
[SourceDate "2020.01.31"]
[SourceVersion "1"]
[SourceVersionDate "2020.01.31"]
[SourceQuality "1"]
[WhiteTeam "Antioquia"]
[BlackTeam "Valle"]
[WhiteTeamCountry "COL"]
[BlackTeamCountry "COL"]

1. e4 c5 2. Nf3 d6 3. d4 cxd4 4. Nxd4 Nf6 5. Nc3 a6 6. Bg5 e6 7. f4 Be7 8. Qf3 Nbd7 9. 0-0-0 Qc7 10. g4 b5 11. Bxf6 Nxf6 12. g5 Nd7 13. f5 0-0 14. Rg1 b4 15. Nce2 e5 16. f6 exd4 17. fxe7 Re8 18. Nxd4 Ne5 19. Qb3 Rb8 20. Bh3 Bxh3 21. Qxh3 Rxe7 22. Nf5 Re6 23. Qb3 Nc4 24. Qd3 Rb6 25. Rgf1 Re5 26. h4 Rc5 27. Qd4 Ne5 28. Rf2 Rbc6 29. Ne3 a5 30. Kb1 Qb7 31. Nf5 Qc7 32. Nxd6 g6 33. Ne8 Qc8 34. Nf6+ Kg7 35. Nd7 Kg8 1-0

[Event "Barcelona Sants op 21st"]
[Site "Barcelona"]
[Date "2019.08.31"]
[Round "9"]
[White "Morales, Jhon Alexander"]
[Black "Antova, Gabriela"]
[Result "1/2-1/2"]
[WhiteElo "2405"]
[BlackElo "2270"]
[PlyCount "42"]
[EventDate "2019.08.23"]
[EventType "swiss"]
[EventRounds "10"]
[EventCountry "ESP"]
[SourceTitle "EXT 2020"]
[Source "ChessBase"]
[SourceDate "2019.10.17"]
[SourceVersion "1"]
[SourceVersionDate "2019.10.17"]
[SourceQuality "1"]

1. g3 d5 2. Nf3 Nf6 3. Bg2 e6 4. 0-0 Be7 5. c4 0-0 6. b3 d4 7. Bb2 c5 8. b4 a5 9. bxc5 Nc6 10. d3 e5 11. Na3 Bxc5 12. Nb5 h6 13. Nd2 Be6 14. Ba3 Bxa3 15. Nxa3 Nd7 16. Rb1 Rb8 17. Nc2 Nc5 18. Ne4 Na6 19. Na3 f5 20. Nd2 Qe7 21. Nb5 Nc5 1/2-1/2

[Event "Barcelona Sants op 21st"]
[Site "Barcelona"]
[Date "2019.08.29"]
[Round "7"]
[White "Krysa, Leandro Sergio"]
[Black "Morales, Jhon Alexander"]
[Result "1/2-1/2"]
[WhiteElo "2516"]
[BlackElo "2405"]
[PlyCount "151"]
[EventDate "2019.08.23"]
[EventType "swiss"]
[EventRounds "10"]
[EventCountry "ESP"]
[SourceTitle "EXT 2020"]
[Source "ChessBase"]
[SourceDate "2019.10.17"]
[SourceVersion "1"]
[SourceVersionDate "2019.10.17"]
[SourceQuality "1"]

1. c4 e6 2. Nc3 d5 3. e3 Nf6 4. Nf3 c5 5. cxd5 exd5 6. d4 Nc6 7. Bb5 Bd6 8. dxc5 Bxc5 9. 0-0 0-0 10. b3 a6 11. Bxc6 bxc6 12. Qc2 Bd6 13. Bb2 Re8 14. Ne2 Bb7 15. Ng3 h6 16. Nd4 Rc8 17. Ndf5 Bf8 18. b4 a5 19. a3 g6 20. Qc3 gxf5 21. Qxf6 Qxf6 22. Bxf6 Kh7 23. Bd4 Ba6 24. Rfd1 Kg6 25. Bc3 h5 26. Nf1 f4 27. exf4 Bxf1 28. Kxf1 Re4 29. b5 cxb5 30. Bxa5 Rxf4 31. Rxd5 Ra4 32. Rxb5 Rxa3 33. Rxa3 Bxa3 34. Bd2 Be7 35. g3 Rc6 36. Kg2 Ra6 37. Be3 Re6 38. h3 Bf6 39. Kf3 Be7 40. Rb8 Bf6 41. Rb4 Bg7 42. Rb7 f5 43. Rd7 Bf8 44. Rd8 Bg7 45. Bd4 Bh6 46. Rd5 Bf8 47. Be5 Bh6 48. g4 hxg4+ 49. hxg4 fxg4+ 50. Kxg4 Bg7 51. f4 Bxe5 52. f5+ Kf6 53. fxe6 Kxe6 54. Rd1 Bd6 55. Kg5 Be5 56. Re1 Kd5 57. Kf5 Bd6 58. Rd1+ Kc6 59. Ke6 Bb8 60. Rc1+ Kb7 61. Kd7 Ba7 62. Rb1+ Ka8 63. Kc7 Be3 64. Re1 Bf2 65. Rf1 Bg3+ 66. Kb6 Be5 67. Rf5 Bg3 68. Rh5 Bf2+ 69. Kc6 Be3 70. Ra5+ Kb8 71. Rb5+ Ka8 72. Rb3 Bd4 73. Kb5 Kb7 74. Kc4+ Bb6 75. Kd5 Kc7 76. Rxb6 1/2-1/2

[Event "Sant Adria de Besos op-A 3rd"]
[Site "Sant Adria de Besos"]
[Date "2019.08.22"]
[Round "9"]
[White "Lopez Gonzalez, Abel Fabian"]
[Black "Morales, Jhon Alexander"]
[Result "1/2-1/2"]
[WhiteElo "2370"]
[BlackElo "2405"]
[PlyCount "83"]
[EventDate "2019.08.14"]
[EventType "swiss"]
[EventRounds "9"]
[EventCountry "ESP"]
[SourceTitle "EXT 2020"]
[Source "ChessBase"]
[SourceDate "2019.10.17"]
[SourceVersion "1"]
[SourceVersionDate "2019.10.17"]
[SourceQuality "1"]

1. e4 c5 2. Nf3 d6 3. d4 cxd4 4. Nxd4 Nf6 5. Nc3 a6 6. f3 e5 7. Nb3 Be6 8. Be3 Be7 9. Qd2 0-0 10. 0-0-0 Qc7 11. g4 Rc8 12. g5 Nh5 13. Kb1 Nd7 14. Rg1 g6 15. Nd5 Bxd5 16. exd5 Bf8 17. Bh3 Re8 18. Bg4 Nf4 19. Bxf4 exf4 20. Bxd7 Qxd7 21. Qxf4 Bg7 22. Rge1 Rxe1 23. Rxe1 Re8 24. Rxe8+ Qxe8 25. a3 Qe1+ 26. Ka2 Be5 27. Qc4 Qf2 28. Qc8+ Kg7 29. Qxb7 Qxc2 30. Na5 Qxh2 31. Qb3 Qd2 32. Nc6 Bh2 33. Nb4 a5 34. Qc2 Bf4 35. Qxd2 Bxd2 36. Nc6 f6 37. b4 axb4 38. a4 fxg5 39. a5 h5 40. a6 Be3 41. Nxb4 Bc5 42. Nc6 1/2-1/2

[Event "Sant Adria de Besos op-A 3rd"]
[Site "Sant Adria de Besos"]
[Date "2019.08.21"]
[Round "8"]
[White "Sturt, Raven M"]
[Black "Morales, Jhon Alexander"]
[Result "1-0"]
[WhiteElo "2462"]
[BlackElo "2405"]
[PlyCount "87"]
[EventDate "2019.08.14"]
[EventType "swiss"]
[EventRounds "9"]
[EventCountry "ESP"]
[SourceTitle "EXT 2020"]
[Source "ChessBase"]
[SourceDate "2019.10.17"]
[SourceVersion "1"]
[SourceVersionDate "2019.10.17"]
[SourceQuality "1"]

1. d4 Nf6 2. c4 e6 3. Nf3 b6 4. g3 Ba6 5. Qc2 Bb4+ 6. Bd2 Be7 7. Bg2 c6 8. 0-0 0-0 9. Bf4 d5 10. Nbd2 Nbd7 11. Rac1 Nh5 12. Be3 Bb7 13. cxd5 cxd5 14. Ne5 Nxe5 15. dxe5 d4 16. Bg5 Bxg2 17. Bxe7 Qxe7 18. Kxg2 f6 19. Qe4 Rad8 20. Rc6 fxe5 21. Qxe5 Rf5 22. Qxe6+ Qxe6 23. Rxe6 Rc5 24. Nf3 Rc2 25. Rb1 d3 26. exd3 Nf6 27. h3 Nd5 28. a3 a5 29. Re5 h6 30. Kg1 Rd7 31. Rf5 Nf6 32. Rb5 Rd6 33. Rd1 Kh7 34. Rd2 Rc8 35. Kg2 Nd5 36. d4 a4 37. Re2 Rf8 38. Nd2 Nc7 39. Rb4 b5 40. Nc4 Rb6 41. Ne3 Rfb8 42. d5 Na6 43. Rd4 Nc5 44. d6 1-0

[Event "Sant Adria de Besos op-A 3rd"]
[Site "Sant Adria de Besos"]
[Date "2019.08.20"]
[Round "7"]
[White "Morales, Jhon Alexander"]
[Black "Anuj, Shrivatri"]
[Result "1/2-1/2"]
[WhiteElo "2405"]
[BlackElo "2372"]
[PlyCount "59"]
[EventDate "2019.08.14"]
[EventType "swiss"]
[EventRounds "9"]
[EventCountry "ESP"]
[SourceTitle "EXT 2020"]
[Source "ChessBase"]
[SourceDate "2019.10.17"]
[SourceVersion "1"]
[SourceVersionDate "2019.10.17"]
[SourceQuality "1"]

1. e4 e5 2. Nf3 Nc6 3. Bb5 a6 4. Ba4 Nf6 5. 0-0 Be7 6. Re1 b5 7. Bb3 0-0 8. c3 d5 9. d4 dxe4 10. Nxe5 Nxe5 11. dxe5 Qxd1 12. Bxd1 Nd7 13. Bc2 Nc5 14. Bxe4 Nxe4 15. Rxe4 Rd8 16. Re1 Be6 17. Nd2 b4 18. Ne4 bxc3 19. Nxc3 Bb4 20. Be3 Rd3 21. Rec1 Bxc3 22. Rxc3 Rxc3 23. bxc3 Rb8 24. h3 h5 25. Kh2 Rb5 26. Bd4 Rd5 27. a3 c5 28. Be3 Rxe5 29. Rb1 c4 30. Bb6 1/2-1/2

[Event "Sant Adria de Besos op-A 3rd"]
[Site "Sant Adria de Besos"]
[Date "2019.08.18"]
[Round "5"]
[White "Morales, Jhon Alexander"]
[Black "Berdayes Ason, Dylan Isidro"]
[Result "1-0"]
[WhiteElo "2405"]
[BlackElo "2458"]
[PlyCount "123"]
[EventDate "2019.08.14"]
[EventType "swiss"]
[EventRounds "9"]
[EventCountry "ESP"]
[SourceTitle "EXT 2020"]
[Source "ChessBase"]
[SourceDate "2019.10.17"]
[SourceVersion "1"]
[SourceVersionDate "2019.10.17"]
[SourceQuality "1"]

1. d4 Nf6 2. Nf3 g6 3. c4 Bg7 4. Nc3 0-0 5. e4 d6 6. h3 e5 7. d5 a5 8. Be3 Na6 9. Nd2 c6 10. Be2 Nd7 11. g4 Ndc5 12. a3 Bd7 13. Qc2 Nc7 14. h4 cxd5 15. exd5 N7a6 16. h5 Qe7 17. hxg6 fxg6 18. 0-0-0 e4 19. Kb1 Rae8 20. Rdg1 Rf7 21. Rg2 Bf6 22. g5 Bh8 23. Bg4 Qe5 24. Bxd7 Rxd7 25. Rg4 Rf8 26. Ndxe4 Nxe4 27. Rxe4 Qf5 28. Rf4 Qxc2+ 29. Kxc2 Rc8 30. Na4 Re8 31. Kd3 Nc7 32. Nb6 Rde7 33. Bd4 Bxd4 34. Kxd4 Na6 35. Kc3 Nc5 36. b4 axb4+ 37. axb4 Ne4+ 38. Rxe4 Rxe4 39. Nd7 Rf4 40. Nf6+ Rxf6 41. gxf6 h5 42. c5 Rc8 43. Kd4 Kf7 44. Re1 dxc5+ 45. bxc5 Kxf6 46. Re6+ Kf7 47. Rb6 Rc7 48. d6 Rd7 49. Ke5 g5 50. Kf5 g4 51. Rb4 h4 52. Kxg4 Ke6 53. Re4+ Kd5 54. Re7 Rd8 55. Rc7 b6 56. cxb6 Kxd6 57. Rh7 Rf8 58. b7 Ke5 59. Rf7 Rh8 60. Rd7 Rb8 61. Kxh4 Kf4 62. Rf7+ 1-0

[Event "Sant Adria de Besos op-A 3rd"]
[Site "Sant Adria de Besos"]
[Date "2019.08.17"]
[Round "4"]
[White "Kiselev, Pavel"]
[Black "Morales, Jhon Alexander"]
[Result "0-1"]
[WhiteElo "2276"]
[BlackElo "2405"]
[PlyCount "70"]
[EventDate "2019.08.14"]
[EventType "swiss"]
[EventRounds "9"]
[EventCountry "ESP"]
[SourceTitle "EXT 2020"]
[Source "ChessBase"]
[SourceDate "2019.10.17"]
[SourceVersion "1"]
[SourceVersionDate "2019.10.17"]
[SourceQuality "1"]

1. d4 Nf6 2. Nf3 e6 3. Bf4 c5 4. e3 Nc6 5. Nbd2 d5 6. c3 Bd6 7. Bg3 0-0 8. Bd3 b6 9. Ne5 Bb7 10. 0-0 Qc7 11. f4 Ne7 12. Qc2 c4 13. Be2 Nf5 14. Bf2 Be7 15. Bf3 b5 16. Rae1 Nd6 17. Bh4 a5 18. Bxf6 gxf6 19. Ng4 f5 20. Nf2 Kh8 21. Kh1 Rg8 22. Rg1 Bc6 23. Nf1 b4 24. g4 Qd7 25. Ng3 Rab8 26. Qe2 bxc3 27. bxc3 a4 28. gxf5 exf5 29. Bg2 Qe6 30. Bh3 a3 31. Rb1 Ba4 32. Rxb8 Rxb8 33. Nd1 Rb1 34. e4 Nxe4 35. Ne3 Rb2 0-1

[Event "Badalona op 45th"]
[Site "Badalona"]
[Date "2019.08.06"]
[Round "5"]
[White "Escobar Medina, Andres F"]
[Black "Morales, Jhon Alexander"]
[Result "0-1"]
[WhiteElo "2313"]
[BlackElo "2405"]
[PlyCount "67"]
[EventDate "2019.08.02"]
[EventType "swiss"]
[EventRounds "9"]
[EventCountry "ESP"]
[SourceTitle "EXT 2020"]
[Source "ChessBase"]
[SourceDate "2019.10.17"]
[SourceVersion "1"]
[SourceVersionDate "2019.10.17"]
[SourceQuality "1"]

1. e4 d6 2. Nf3 Nf6 3. Nc3 Bg4 4. d4 e6 5. Be3 d5 6. Bd3 Be7 7. h3 Bh5 8. e5 Nfd7 9. Ne2 c5 10. c3 cxd4 11. Bxd4 Nc6 12. g4 Bg6 13. Nf4 Be4 14. Bxe4 dxe4 15. Nd2 Qc7 16. Nxe4 Ndxe5 17. Be3 Nc4 18. 0-0 Nxe3 19. fxe3 Qe5 20. Qf3 0-0 21. Rae1 Rad8 22. Re2 Qa5 23. a3 Qb5 24. Ng3 Ne5 25. Qe4 Nc4 26. a4 Qb3 27. Nf5 exf5 28. Qxe7 Rfe8 29. Qc5 Nd2 30. Rfe1 Nf3+ 31. Kf2 Nxe1 32. Kxe1 fxg4 33. hxg4 Qd1+ 34. Kf2 0-1

[Event "Barcelona Sant Marti op 21st"]
[Site "Barcelona"]
[Date "2019.07.16"]
[Round "4"]
[White "Morales, Jhon Alexander"]
[Black "Sanchez Lopez, Juan Manuel"]
[Result "1-0"]
[WhiteElo "2422"]
[BlackElo "2068"]
[PlyCount "103"]
[EventDate "2019.07.13"]
[EventType "swiss"]
[EventRounds "9"]
[EventCountry "ESP"]
[SourceTitle "EXT 2020"]
[Source "ChessBase"]
[SourceDate "2019.10.17"]
[SourceVersion "1"]
[SourceVersionDate "2019.10.17"]
[SourceQuality "1"]

1. e4 c5 2. Nf3 d6 3. d4 cxd4 4. Nxd4 Nf6 5. Nc3 a6 6. Be3 e5 7. Nf3 Be7 8. Bc4 Qc7 9. Bb3 0-0 10. 0-0 b5 11. Bg5 Bb7 12. Bxf6 Bxf6 13. Ne1 Nd7 14. Nd3 Nc5 15. Bd5 Ne6 16. Bxb7 Qxb7 17. a4 Bd8 18. axb5 axb5 19. Rxa8 Qxa8 20. Nxb5 Qxe4 21. Nxd6 Qd5 22. Nb4 Qc5 23. c3 Bb6 24. Ne4 Qb5 25. Qd5 Qe2 26. Qxe5 Qxb2 27. Nd5 Ra8 28. h4 Bd8 29. g3 Ra1 30. Rxa1 Qxa1+ 31. Kg2 h6 32. Qb8 Qd1 33. Qb5 Bxh4 34. Ne3 Qd8 35. gxh4 Qxh4 36. Ng3 Nf4+ 37. Kf3 Ne6 38. Kg2 Ng5 39. Qd7 Qf4 40. Qc8+ Kh7 41. Qf5+ Qxf5 42. Nexf5 g6 43. Nd4 Kg7 44. f4 Ne6 45. Nxe6+ fxe6 46. Kf3 Kf6 47. Ke4 h5 48. Nf1 h4 49. Nh2 e5 50. Ng4+ Ke6 51. fxe5 h3 52. c4 1-0

[Event "Barcelona Sant Marti op 21st"]
[Site "Barcelona"]
[Date "2019.07.15"]
[Round "3"]
[White "Khudov, Oleksandr"]
[Black "Morales, Jhon Alexander"]
[Result "1/2-1/2"]
[WhiteElo "2091"]
[BlackElo "2422"]
[PlyCount "127"]
[EventDate "2019.07.13"]
[EventType "swiss"]
[EventRounds "9"]
[EventCountry "ESP"]
[SourceTitle "EXT 2020"]
[Source "ChessBase"]
[SourceDate "2019.10.17"]
[SourceVersion "1"]
[SourceVersionDate "2019.10.17"]
[SourceQuality "1"]

1. d4 Nf6 2. Bf4 e6 3. e3 c5 4. c3 Nc6 5. Nf3 d5 6. Nbd2 cxd4 7. exd4 Nh5 8. Bg5 f6 9. Bh4 Bd6 10. Ne5 g6 11. Nd3 0-0 12. Be2 Ng7 13. Bg3 Be7 14. h3 Re8 15. 0-0 Bf8 16. Nf3 Nf5 17. Bh2 Bg7 18. Nf4 b6 19. Re1 Qd7 20. Bf1 Bb7 21. Qd2 Rad8 22. Rad1 Qf7 23. a3 g5 24. Ne2 h5 25. Qc2 g4 26. hxg4 hxg4 27. Nd2 Bh6 28. Bf4 Qh5 29. Bxh6 Qxh6 30. g3 Kf7 31. Bg2 Rh8 32. Nf1 Nce7 33. Qd2 Qxd2 34. Rxd2 Ng6 35. Ne3 Nxe3 36. fxe3 Ne7 37. Rdd1 Nf5 38. Kf2 Rh2 39. Nf4 Nd6 40. Kg1 Rdh8 41. Re2 Ba6 42. Rf2 R2h6 43. Re1 Ne4 44. Bxe4 dxe4 45. Rg2 Rh1+ 46. Kf2 Rxe1 47. Kxe1 Rh1+ 48. Kd2 e5 49. dxe5 fxe5 50. Nd5 Bc4 51. Rf2+ Ke6 52. Nf6 Bd3 53. Nxg4 Rb1 54. c4 Rxb2+ 55. Kc3 Rb1 56. Rf6+ Ke7 57. Rh6 Rc1+ 58. Kb2 Rg1 59. Nxe5 Rxg3 60. Nxd3 exd3 61. Kc3 Rxe3 62. Rh7+ Kd6 63. Rxa7 Rh3 64. Ra8 1/2-1/2

[Event "Barbera del Valles op 42nd"]
[Site "Barbera del Valles"]
[Date "2019.07.12"]
[Round "9"]
[White "Namitbir, Singh Walia"]
[Black "Morales, Jhon Alexander"]
[Result "1/2-1/2"]
[WhiteElo "1760"]
[BlackElo "2422"]
[PlyCount "107"]
[EventDate "2019.07.04"]
[EventType "swiss"]
[EventRounds "9"]
[EventCountry "ESP"]
[SourceTitle "CBM 191 Extra"]
[Source "ChessBase"]
[SourceDate "2019.09.30"]
[SourceVersion "1"]
[SourceVersionDate "2019.09.30"]
[SourceQuality "1"]

1. Nf3 Nf6 2. c4 e6 3. g3 a6 4. Bg2 b5 5. b3 Bb7 6. 0-0 c5 7. Nc3 Qb6 8. e3 Be7 9. Qe2 b4 10. Na4 Qc7 11. d4 d6 12. Bb2 Nbd7 13. Rad1 0-0 14. Ne1 Bxg2 15. Nxg2 Qc6 16. Nf4 cxd4 17. exd4 d5 18. c5 Bd8 19. Nd3 Qb5 20. Rc1 Nb8 21. c6 Nxc6 22. Rc5 Qb7 23. Rfc1 Ne7 24. Qe1 Rb8 25. Kg2 Nd7 26. R5c2 a5 27. f3 Bb6 28. a3 Nf5 29. axb4 Nxd4 30. Bxd4 Bxd4 31. Rc7 Qb5 32. Ndc5 Nxc5 33. Nxc5 Bxc5 34. bxc5 Qxb3 35. Rd7 Rb7 36. Rxb7 Qxb7 37. c6 Qc7 38. Rc5 Rc8 39. Qc3 f6 40. h4 h5 41. Qc2 Qd6 42. c7 d4 43. Rc6 Qd7 44. Qc4 Kf7 45. Qc5 d3 46. Rd6 Qxc7 47. Qd4 Kg8 48. Rd7 Qc5 49. Qe4 Qf5 50. Rxg7+ Kxg7 51. Qb7+ Kh6 52. Qxc8 Qd5 53. Qf8+ Kg6 54. Qe8+ 1/2-1/2

[Event "Barbera del Valles op 42nd"]
[Site "Barbera del Valles"]
[Date "2019.07.09"]
[Round "6"]
[White "Morales, Jhon Alexander"]
[Black "Peralta, Fernando"]
[Result "0-1"]
[WhiteElo "2422"]
[BlackElo "2562"]
[PlyCount "66"]
[EventDate "2019.07.04"]
[EventType "swiss"]
[EventRounds "9"]
[EventCountry "ESP"]
[SourceTitle "CBM 191 Extra"]
[Source "ChessBase"]
[SourceDate "2019.09.30"]
[SourceVersion "1"]
[SourceVersionDate "2019.09.30"]
[SourceQuality "1"]

1. e4 e6 2. d4 d5 3. Nd2 c5 4. Ngf3 cxd4 5. Nxd4 Nc6 6. Nxc6 bxc6 7. Bd3 Nf6 8. Qe2 Be7 9. 0-0 0-0 10. c4 a5 11. b3 a4 12. Rb1 axb3 13. axb3 Bb7 14. e5 Nd7 15. Nf3 c5 16. Re1 d4 17. Be4 Qc7 18. Bg5 Bxg5 19. Nxg5 h6 20. Bxb7 Qxb7 21. Ne4 Qc6 22. Nd6 f6 23. f4 fxe5 24. fxe5 Rad8 25. Qg4 Nxe5 26. Qxe6+ Kh7 27. Qxe5 Rxd6 28. Qe4+ Qxe4 29. Rxe4 Rb8 30. Re5 d3 31. Rxc5 d2 32. Rd5 Rxd5 33. cxd5 Rc8 0-1

[Event "Barbera del Valles op 42nd"]
[Site "Barbera del Valles"]
[Date "2019.07.08"]
[Round "5"]
[White "Berdayes Ason, Dylan Isidro"]
[Black "Morales, Jhon Alexander"]
[Result "1/2-1/2"]
[WhiteElo "2461"]
[BlackElo "2422"]
[PlyCount "113"]
[EventDate "2019.07.04"]
[EventType "swiss"]
[EventRounds "9"]
[EventCountry "ESP"]
[SourceTitle "CBM 191 Extra"]
[Source "ChessBase"]
[SourceDate "2019.09.30"]
[SourceVersion "1"]
[SourceVersionDate "2019.09.30"]
[SourceQuality "1"]

1. e4 c5 2. Nf3 d6 3. d4 cxd4 4. Nxd4 Nf6 5. Nc3 a6 6. Be3 Ng4 7. Bc1 Nf6 8. f3 e6 9. Be3 h5 10. Bc4 Bd7 11. Qd2 Qc7 12. Bb3 Be7 13. 0-0 Nc6 14. Nxc6 Bxc6 15. Rae1 h4 16. h3 b5 17. a3 Rd8 18. Qf2 Rd7 19. Rd1 Qb8 20. Rfe1 0-0 21. Rd2 Rfd8 22. Bg5 d5 23. Bxh4 dxe4 24. Rxd7 Rxd7 25. fxe4 b4 26. axb4 Qxb4 27. Kh1 Nxe4 28. Nxe4 Bxe4 29. Bxe7 Rxe7 30. Rd1 Bc6 31. Rd8+ Re8 32. Rxe8+ Bxe8 33. Qe2 a5 34. Qe5 Kf8 35. Kh2 Bd7 36. Qc7 Ke7 37. Qc4 Qd6+ 38. Kg1 Qb6+ 39. Kh1 Bc6 40. Qc3 g6 41. Kh2 Bd7 42. Bc4 Qc5 43. b3 a4 44. bxa4 Bxa4 45. Qd3 Qe5+ 46. Kh1 Qe1+ 47. Kh2 Qe5+ 48. Kh1 Bc6 49. Bb3 g5 50. Kg1 f5 51. Qd2 f4 52. Qf2 Qe4 53. Qc5+ Kf6 54. Qf8+ Kg6 55. Qg8+ Kf6 56. Qf8+ Kg6 57. Qg8+ 1/2-1/2

[Event "COL pre olympic sf2"]
[Site "Palmira"]
[Date "2019.05.30"]
[Round "2"]
[White "Navia Alvarez, Edwin Adrian"]
[Black "Morales, Jhon Alexander"]
[Result "0-1"]
[WhiteElo "2078"]
[BlackElo "2402"]
[PlyCount "86"]
[EventDate "2019.05.29"]
[EventType "swiss"]
[EventRounds "10"]
[EventCountry "COL"]
[SourceTitle "CBM 190 Extra"]
[Source "ChessBase"]
[SourceDate "2019.07.15"]
[SourceVersion "1"]
[SourceVersionDate "2019.07.15"]
[SourceQuality "1"]

1. e4 c5 2. Nf3 Nc6 3. d4 cxd4 4. Nxd4 Qc7 5. Nc3 e6 6. Be3 a6 7. Qd2 Nf6 8. 0-0-0 Bb4 9. f3 d5 10. a3 Be7 11. exd5 Nxd5 12. Nxd5 exd5 13. Kb1 0-0 14. h4 Re8 15. Bd3 Ne5 16. Bf4 Bd6 17. Bxe5 Bxe5 18. c3 Bd7 19. Bc2 Bf4 20. Qd3 g6 21. h5 Re3 22. Qf1 Rae8 23. hxg6 hxg6 24. g4 Qe5 25. Qh3 Qg7 26. Rdg1 R3e5 27. Nf5 Bxf5 28. gxf5 g5 29. f6 Qxf6 30. Qh7+ Kf8 31. Qd3 Qb6 32. Rh8+ Ke7 33. Rxe8+ Kxe8 34. Rh1 Ke7 35. Qh7 Qf2 36. Qd3 Qd2 37. Qxd2 Bxd2 38. Rd1 Bf4 39. Bb3 Ke6 40. a4 Be3 41. Kc2 f5 42. Rh1 g4 43. fxg4 fxg4 0-1

[Event "COL pre olympic sf2"]
[Site "Palmira"]
[Date "2019.05.29"]
[Round "1"]
[White "Morales, Jhon Alexander"]
[Black "Pereira Vera, Henry Alberto"]
[Result "1-0"]
[WhiteElo "2402"]
[BlackElo "1813"]
[PlyCount "39"]
[EventDate "2019.05.29"]
[EventType "swiss"]
[EventRounds "10"]
[EventCountry "COL"]
[SourceTitle "CBM 190 Extra"]
[Source "ChessBase"]
[SourceDate "2019.07.15"]
[SourceVersion "1"]
[SourceVersionDate "2019.07.15"]
[SourceQuality "1"]

1. c4 c5 2. Nf3 Nf6 3. Nc3 g6 4. d4 Bg7 5. e4 cxd4 6. Nxd4 Qa5 7. Nb3 Qc7 8. Be3 d6 9. Be2 Bd7 10. 0-0 Bc6 11. Qc2 Na6 12. Rac1 b6 13. Nd5 Qb7 14. Nd4 Nc5 15. Nxc6 Qxc6 16. b4 Ncd7 17. c5 bxc5 18. Bb5 Qb7 19. Qa4 Nxe4 20. Bc6 1-0

[Event "COL-chT Interligas"]
[Site "Palmira"]
[Date "2019.04.29"]
[Round "6.1"]
[White "Mosquera Klinger, Miguel Alonso"]
[Black "Morales, Jhon Alexander"]
[Result "1/2-1/2"]
[WhiteElo "2375"]
[BlackElo "2402"]
[PlyCount "40"]
[EventDate "2019.04.27"]
[EventType "team-swiss"]
[EventRounds "6"]
[EventCountry "COL"]
[SourceTitle "CBM 190 Extra"]
[Source "ChessBase"]
[SourceDate "2019.07.15"]
[SourceVersion "1"]
[SourceVersionDate "2019.07.15"]
[SourceQuality "1"]
[WhiteTeam "Bogota"]
[BlackTeam "Valle"]
[WhiteTeamCountry "COL"]
[BlackTeamCountry "COL"]

1. e4 c6 2. d4 d5 3. Nc3 dxe4 4. Nxe4 Nf6 5. Ng3 h5 6. Qd3 h4 7. Ne4 Nxe4 8. Qxe4 Qd5 9. Bd3 Be6 10. Ne2 Qxe4 11. Bxe4 Bd5 12. Nc3 Bxe4 13. Nxe4 Nd7 14. h3 e6 15. 0-0 Be7 16. Bf4 Rh5 17. Rfe1 0-0-0 18. Bd6 Re8 19. Rad1 Nf6 20. Bxe7 Nxe4 1/2-1/2